Diagnostika poruch evakuace žaludku u diabetiků s diabetickou autonomní neuropatií

Bibliographic Details
Main Authors: Šťovíček, J. (Author), Honka, M. (Author), Kvapil, M. (Author), Pipková, M. (Author), Malá, Š. (Author)
Format: Article
Language:Czech

MARC

LEADER 00000nab a2200000uu 4500
001 vtls011138831
003 SK-MaSNL
005 20260303131240.0
008 230218|2013 xo |||||||||||||||||cze|
015 |a SNBRB 
035 |a (urnnbn)urn:nbn:sk:snk:ar-007vzg 
035 |a (uuid)090b4afd-c5b5-4f00-8f48-b4466714d7aa 
035 |a urn:nbn:sk:snk-abar4w 
040 |a SNKBUCL  |b slo  |c SNKBUCL  |e AACR2 
041 0 |a cze 
044 |a xo  |c SK 
100 1 |a Šťovíček, J.  |4 aut  |9 1134040 
245 1 0 |a Diagnostika poruch evakuace žaludku u diabetiků s diabetickou autonomní neuropatií  |c J. Šťovíček, M. Honka, M. Kvapil, M. Pipková, Š. Malá 
246 3 |a Diagnosis of disorders of gastric emptying in diabetic patients with diabetic autonomic neuropathy 
700 1 |a Honka, M.  |4 aut  |9 1134148 
700 1 |a Kvapil, M.  |4 aut  |9 870392 
700 1 |a Pipková, M.  |4 aut  |9 1147696 
700 1 |a Malá, Š.  |4 aut  |9 783431 
773 0 |t Gastroenterologie a hepatologie : časopis České gastroenterologické společnosti, České hepatologické společnosti, Slovenskej gastroenterologickej spoločnosti a Slovenskej hepatologickej spoločnosti  |g Roč. 67, č. 6 (2013), s. 488-493 
954 |a odborná, vedecká literatúra cudzojazyčná (svetová)  |2 lita 
958 |a OND 
958 |a EUIPO 
958 |a article14 
999 |c 1944293  |d 1946223